[Event "Mecklenburg VP LL2 0506"]
[Site "Mecklenburg VP"]
[Date "2006.01.29"]
[Round "6.3"]
[White "Raessler, Arndt"]
[Black "Ernst, Matthias"]
[Result "1-0"]
[WhiteElo "1878"]
[BlackElo "1703"]
[PlyCount "85"]
[EventDate "2005.10.23"]
[EventType "team-tourn"]
[EventRounds "9"]
[EventCountry "GER"]
[SourceTitle "EXT 2009"]
[Source "ChessBase"]
[SourceDate "2008.11.26"]
[SourceVersion "1"]
[SourceVersionDate "2008.11.26"]
[SourceQuality "1"]
[WhiteTeam "Wismar II"]
[BlackTeam "Rostock Uni II"]
[WhiteTeamCountry "GER"]
[BlackTeamCountry "GER"]

1. d4 Nf6 2. Nf3 g6 3. Bf4 Bg7 4. Nbd2 0-0 5. e4 d6 6. c3 Nbd7 7. Bc4 c6 8. Qb3 h6 9. e5 d5 10. Bd3 Nh7 11. Bg3 Nb6 12. Qc2 Be6 13. h4 h5 14. Ng5 Nxg5 15. hxg5 Qd7 16. Nf3 c5 17. dxc5 Nc4 18. b3 Na3 19. Qe2 Rac8 20. Nd4 Rxc5 21. Rh4 Rxc3 22. Nxe6 Qxe6 23. Ra4 Rxd3 24. Qxd3 Bxe5 25. 0-0-0 Rc8+ 26. Kd2 Rc2+ 27. Ke1 Bxg3+ 28. Kf1 Rxf2+ 29. Kg1 Qd6 30. Rxa3 Qxa3 31. Qxg3 Qxa2 32. Qxf2 Qxb3 33. Rf1 Qb6 34. Qxb6 axb6 35. Rb1 e5 36. Rxb6 Kf8 37. Rxb7 Ke8 38. Kf2 Kf8 39. Rd7 d4 40. Kf3 Ke8 41. Ra7 f6 42. gxf6 g5 43. Ke4 1-0

[Event "Mecklenburg VP LL2 0506"]
[Site "Mecklenburg VP"]
[Date "2005.11.27"]
[Round "3.3"]
[White "Kiel, Bernd"]
[Black "Ernst, Matthias"]
[Result "1-0"]
[WhiteElo "1917"]
[BlackElo "1703"]
[PlyCount "81"]
[EventDate "2005.10.23"]
[EventType "team-tourn"]
[EventRounds "9"]
[EventCountry "GER"]
[SourceTitle "EXT 2009"]
[Source "ChessBase"]
[SourceDate "2008.11.26"]
[SourceVersion "1"]
[SourceVersionDate "2008.11.26"]
[SourceQuality "1"]
[WhiteTeam "Guestrow/Teterow"]
[BlackTeam "Rostock Uni II"]
[WhiteTeamCountry "GER"]
[BlackTeamCountry "GER"]

1. e4 e5 2. Nf3 Nc6 3. c3 Nf6 4. d4 d6 5. dxe5 Nxe4 6. Bc4 dxe5 7. Qxd8+ Kxd8 8. Bd5 f5 9. Bxc6 bxc6 10. Nxe5 Bc5 11. Be3 Re8 12. Nd3 f4 13. Bxc5 Nxc5+ 14. Kd2 Ne4+ 15. Kc1 Ba6 16. Rd1 Ke7 17. Nb4 Nxf2 18. Rd2 Ne4 19. Nxa6 Nxd2 20. Nxd2 Kf6 21. Kd1 Re7 22. Nc5 Rae8 23. Kc2 Re2 24. Rf1 g5 25. g3 Kf5 26. h4 h6 27. hxg5 hxg5 28. gxf4 g4 29. Nd3 g3 30. Rg1 Kg4 31. f5 g2 32. f6 Kg3 33. Kd1 Rxd2+ 34. Kxd2 Kh2 35. Rxg2+ Kxg2 36. Nf4+ Kf3 37. Ng6 Rd8+ 38. Kc2 Kg4 39. f7 Kf5 40. f8Q+ Rxf8 41. Nxf8 1-0

[Event "Mecklenburg VP LL2 0506"]
[Site "Mecklenburg VP"]
[Date "2005.10.23"]
[Round "1.4"]
[White "Ernst, Matthias"]
[Black "Reetz, Horst"]
[Result "1/2-1/2"]
[WhiteElo "1703"]
[BlackElo "1717"]
[PlyCount "50"]
[EventDate "2005.10.23"]
[EventType "team-tourn"]
[EventRounds "9"]
[EventCountry "GER"]
[SourceTitle "EXT 2009"]
[Source "ChessBase"]
[SourceDate "2008.11.26"]
[SourceVersion "1"]
[SourceVersionDate "2008.11.26"]
[SourceQuality "1"]
[WhiteTeam "Rostock Uni II"]
[BlackTeam "Schwerin III"]
[WhiteTeamCountry "GER"]
[BlackTeamCountry "GER"]

1. d4 d5 2. Nf3 Nf6 3. e3 e6 4. Bd3 c5 5. c3 Nc6 6. 0-0 Be7 7. dxc5 Bxc5 8. Nbd2 0-0 9. Qe2 e5 10. e4 Be6 11. b4 Bd6 12. b5 Ne7 13. Ng5 Bd7 14. exd5 Nexd5 15. Nde4 Be7 16. Nxf6+ Nxf6 17. Qxe5 Ng4 18. Qf4 Bxg5 19. Qxg5 Qxg5 20. Bxg5 Rac8 21. Rac1 f6 22. Bf4 Rfe8 23. a4 Ne5 24. Bb1 g6 25. Rfd1 Be6 1/2-1/2